000 00546nam a2200181Ia 4500
001 9232
005 20260306160708.0
008 260306t2012||||xx |||||||||||||| ||spa||
041 _aESP
082 _a378
_bI59
100 _aInstituto Peruano de Evaluación, Acreditación y Certificación de la Calidad de la Educación Básica
_eAUT
245 0 _aDos décadas de formación profesional y certificación de competencias:
_bPerú, 1990-2010
260 _c2012
300 _a
_c
650 _aGEN
654 _aCED
942 _cLIB
_dJUS
_fJUS
_2ddc
_n
999 _c9232
_d9232